Peringatan bagi seluruh umat : "Kesempurnaan dakwah"

Bibliographic Details
Main Author: Syaikh Abdullah b. Alawi Al-haddad
Format: Book
Published: Jakarta Selatan : Mustaqiim , 2002
Subjects:

MARC

LEADER 00000cam a2200000 7i4500
001 0000013066
005 20050624.0
040 |a INS 
090 0 0 |a BP170.85.   |b H26152 2002 
100 1 |a Syaikh Abdullah b. Alawi Al-haddad 
245 1 0 |a Peringatan bagi seluruh umat :   |b "Kesempurnaan dakwah"   |c Syaikh Abdullah b. Alawi Al-haddad 
260 |a Jakarta Selatan :   |b Mustaqiim ,   |c 2002 
300 |a 292p :   |b 24cm 
650 0 0 |a Da'wah (Islam) 
999 |a 0000013779   |b BOOK   |c Open Shelf   |e Default branch